| 000 | 00822 a2200181 4500 | ||
|---|---|---|---|
| 001 | 142482 | ||
| 040 | _cLeonardo Da Vinci | ||
| 041 | _aPortuguês | ||
| 082 | _av220 | ||
| 100 | _aEDUCACIONAL SHOP VIDEO | ||
| 245 | _aFotossíntese | ||
| 250 | _av.1-2 | ||
| 260 |
_bESV _aSão Paulo |
||
| 490 | _aTV Ontario | ||
| 520 |
_aO vídeo mostra o processo dinâmico da fotossíntese no nível
molecular _aComeçando com as descobertas históricas de Joseph Priestley, Jan Legennhousz e Jean Senebier. Trata da absorção da luz pelas plantas, e segue caminhos de energia até a produção de carboidratos e outros materiais orgânicos |
||
| 697 |
_aBiologia _aFotossíntese _aPlantas _aEnergia _aMateriais orgânicos _aCarbono _aLuz _aFase clara _aFase escura _aPlantas C-3 e C-4 _aO sistema de transporte de fluído |
||
| 942 | _cVM | ||
| 999 |
_c142482 _d142482 |
||